| 000 | 00885cam a22001934a 4500 | ||
|---|---|---|---|
| 005 | 20250605163959.0 | ||
| 008 | 250528s ||||||||||||||||||||||||d | ||
| 035 | _a15576 | ||
| 020 | _a521277248 | ||
| 040 |
_aGR-AtMCL _bgre _dGR-AtMCL _eAACR2 |
||
| 245 | 1 | _aAn Introduction to Functional Programming Systems Using Haskell / Cambridge Computer Science Texts | |
| 260 |
_bCambridge University Press, _c1992 |
||
| 300 | _a290 | ||
| 520 | _aAn introduction to functional programming and its associated systems. Preface, Introduction, Introduction to Functional Programs, Techniques and Methods, Types, Lambda Calculus, Applicative Implementation, Lazy Evaluation, Implementation of Lazy Evaluation, Correctness, Applicative Program Transformation, Parallel Evaluation, Bibliography, Index. | ||
| 700 | 1 |
_aDavie Antony J _91532 |
|
| 942 | _cBK | ||
| 999 |
_c1146 _d1146 |
||